000 00618nam a2200193Ia 4500
005 20260114185702.0
008 008 260114s9999 xx 000 0 eng d
020 _a9780755625017
037 _aEBOOK
040 _aCRL
_beng
_cCRL
041 _aeng
_2eng
084 _qCRL
100 _aGeorge McGilvary
_9873133
245 0 _aEast India Patronage and the British State The Scottish Elite and Politics in the Eighteenth Century
260 _bBloomsbury
_c2008
856 _uhttps://doi.org/10.5040/9780755625017?locatt=label:secondary_bloomsburyCollections
942 _cEBOOK
999 _c1472081
_d1472081